Mechanics of materials (Record no. 6027)

000 -LEADER
fixed length control field 00600nam a2200229 i 4500
001 - CONTROL NUMBER
control field 6027
003 - CONTROL NUMBER IDENTIFIER
control field BD-DhUET
008 - FIXED-LENGTH DATA ELEMENTS--GENERAL INFORMATION
fixed length control field 770505s1978 nyua 001 0 eng
040 ## - CATALOGING SOURCE
Original cataloging agency DLC
Transcribing agency DLC
Modifying agency BD-DhUET
082 00 - DEWEY DECIMAL CLASSIFICATION NUMBER
Classification number 620.11
Item number HIG/1978
100 ## - MAIN ENTRY--PERSONAL NAME
Personal name Higdon, Archie
245 00 - TITLE STATEMENT
Title Mechanics of materials
250 ## - EDITION STATEMENT
Edition statement 3rd ed.
260 ## - PUBLICATION, DISTRIBUTION, ETC. (IMPRINT)
Place of publication, distribution, etc. New York
Name of publisher, distributor, etc. John Wiley and Sons
Date of publication, distribution, etc. 1978
300 ## - PHYSICAL DESCRIPTION
Extent xiv, 752 p.
Other physical details ill.
Dimensions 24 cm.
504 ## - BIBLIOGRAPHY, ETC. NOTE
Bibliography, etc Includes bibliographies
650 #0 - SUBJECT ADDED ENTRY--TOPICAL TERM
Topical term or geographic name as entry element Strength of materials
700 ## - ADDED ENTRY--PERSONAL NAME
Personal name Ohlsen, Wdward H.
700 ## - ADDED ENTRY--PERSONAL NAME
Personal name Stiles , William B.
700 ## - ADDED ENTRY--PERSONAL NAME
Personal name Weese, John A.
942 ## - ADDED ENTRY ELEMENTS (KOHA)
Koha item type General Book
Holdings
Koha date last borrowed Koha normalized classification for sorting Lost status Sublocation or collection (holding branch) Koha date last seen Withdrawn status Source of classification or shelving scheme Shelving location Koha item type Koha issues (times borrowed) Date acquired Location (home branch) Damaged status Koha collection Not for loan Price effective from Koha renewals Piece designation (barcode) Koha full call number Copy number
 620_110000000000000_HIG_1978 Central Library, BUET2014-11-29  Circulation sectionGeneral Book 2014-11-29Central Library, BUET   2014-11-29 61731620.11/HIG/19787
 620_110000000000000_HIG_1978 Central Library, BUET2014-12-02  Circulation sectionGeneral Book 2014-12-02Central Library, BUET   2014-12-02 61725620.11/HIG/19782
 620_110000000000000_HIG_1978 Central Library, BUET2014-12-02  Circulation sectionGeneral Book 2014-12-02Central Library, BUET   2014-12-02 61733620.11/HIG/19783
2019-02-27620_000000000000000_11HIG1978 Central Library, BUET2024-02-13  Circulation sectionGeneral Book12014-12-02Central Library, BUET   2014-12-02161727620.11/HIG/19784
 620_110000000000000_HIG_1978 Central Library, BUET2014-12-02  Circulation sectionGeneral Book 2014-12-02Central Library, BUET   2014-12-02 61726620.11/HIG/19785
 620_000000000000000_11HIG1978 Central Library, BUET2014-12-02  Circulation sectionGeneral Book 2014-12-02Central Library, BUET   2014-12-02 61728620.11/HIG/19786
 620_000000000000000_11HIG1978 Central Library, BUET2014-12-02  Circulation sectionGeneral Book 2014-12-02Central Library, BUET   2014-12-02 61730620.11/HIG/19781
 620_000000000000000_11HIG1978 Central Library, BUET2014-12-02  Circulation sectionGeneral Book 2014-12-02Central Library, BUET   2014-12-02 61732620.11/HIG/19788
 620_110000000000000_HIG_1978 Central Library, BUET2015-01-10  Circulation sectionGeneral Book 2015-01-10Central Library, BUET   2015-01-10 61729620.11/HIG/19789
 620_110000000000000_HIG_1978 Central Library, BUET2015-01-28  Circulation sectionGeneral Book 2015-01-28Central Library, BUET Non Fiction 2015-01-28 61734620.11/HIG/197810